|
|
|
|
| LEADER |
00000ny a22000003n 4500 |
| 005 |
20110617144517.0 |
| 006 |
m u |
| 007 |
cr cn||||||||| |
| 008 |
200807r2007 sp |||||s|||||||||||spa d |
| 020 |
|
|
|a 9788498490732
|
| 035 |
|
|
|a 2451
|
| 040 |
|
|
|a FlNmELB
|c FlNmELB
|d vlex
|
| 050 |
1 |
4 |
|a KJA1063
|b P813 2007eb
|
| 080 |
|
|
|a 351.712(37)
|
| 090 |
|
|
|c 1391
|d 1391
|
| 100 |
1 |
|
|a Ponte, V
|
| 245 |
1 |
0 |
|a Rǧimen jurd̕ico de las va̕s pb︢licas en derecho romano
|h [Recurso electrn̤ico]
|c V. Ponte
|
| 256 |
|
|
|a Servicio en ln̕ea
|
| 260 |
|
|
|a Madrid :
|b Dykinson,
|c 2007
|
| 300 |
|
|
|a 12-302 p
|
| 506 |
1 |
|
|a Contenido solo disponible en los productos indicados
|d vLex Global
|d vLex Global (Academic Edition, excluding Law Schools)
|d vLex Global (U.S. Academic Edition, Law Schools)
|d vLex Global (U.S. Academic Edition, excluding Law Schools)
|d vLex Global (Academic Edition, Law Schools)
|
| 650 |
0 |
7 |
|a Historia del derecho
|2 Tesauro vLex
|
| 650 |
0 |
7 |
|a Administrativo
|2 Tesauro vLex
|
| 650 |
0 |
7 |
|a Actividad administrativa
|2 Tesauro vLex
|
| 650 |
0 |
7 |
|a Acto administrativo
|2 Tesauro vLex
|
| 650 |
0 |
7 |
|a Obras publicas
|2 Tesauro vLex
|
| 650 |
0 |
7 |
|a Canales
|2 Tesauro vLex
|
| 650 |
0 |
7 |
|a Fuentes del derecho Civil
|2 Tesauro vLex
|
| 650 |
0 |
7 |
|a Historia del derecho
|2 Tesauro vLex
|
| 740 |
0 |
|
|a vLex Libros (Servicios en ln̕ea)
|
| 856 |
4 |
0 |
|z Acceso restringido
|u http://vlex.com/source/regimen-juridico-vias-publicas-derecho-romano-2451
|
| 942 |
|
|
|c BOOK
|